000 00226nam a2200109Ia 4500
999 _c7597
_d7597
020 _a978-0130895721
100 _aDeitel, Deitel
245 0 _aC How TO Program
260 _aUSA
_bEducation
_c2001
300 _a1253
942 _cBK